000 01024nam a2200289 i 4500
001 12248
003 ES-MaACL
005 20230906150255.0
008 940318s1993 sp a |||| | spa
020 _a84-604-8223-5
080 _a73.036(460)(064.3)
080 _a74.036(460)(064.3)
080 _a75.036(460)(064.3)
110 2 _aTelefónica de España.
_96932
245 1 3 _aLa colección de arte de Telefónica :
_b[exposición].
260 _a[Madrid] :
_bFundación Arte y Tecnología,
_c[1993]
300 _a275 p :
_bil. col. y n ;
_c30 cm.
610 2 4 _aTelefónica de España-
_xColecciones de arte.
_9173539
650 4 _aEscultura española-
_yS.XX-
_vExposiciones.
_912438
650 4 _aDibujo español-
_yS.XX-
_vExposiciones.
_911868
650 4 _aPintura española-
_yS.XX-
_vExposiciones.
_916043
655 7 _2tgfbne
_9193628
_aCatálogos de exposiciones
710 2 _aFundación Arte y Tecnología (Madrid)
_94222
852 _aES-MaACL
_jL-19619
942 _2udc
999 _c12248
_d12248